Statistics for Ultimate Degrassi Character Quote Quiz

Click here to take the quiz!

General Stats

  • This quiz has been taken 35 times
  • The average score is 22 of 34

Answer Stats

HintAnswer% Correct
"Newsflash, Mamma Mia. Choosey went out the window when your water broke."Holly J
100%
"Bananas don't give you boners. Hormones do."Jimmy
100%
"Wanna hear my mission? I wanna be hot. Not cute, not adorable, hot."Manny
100%
"Polar bears are white, I'm white, and you're racist."Spinner
96%
"You got a family... I just stay at some guys house... but manny and the baby... their mine... their for me."Craig
93%
"Even strangers know, Spin. And last night wasn't about my shoes. Those guys, they knew... and they bashed me because they hated it, just like you do.."Marco
93%
"New year. New look. New..."Paige
93%
"I got those condoms because if I ever did want to do that with Kendra... which I'm not saying I do... I'd wanna take care of her."Toby
89%
"Wanna blaze?"Emma
85%
"If elected, I will do what a real politician will do - absolutely nothing."JT
85%
"Liberty your about as edgy as a butter knife."Sean
85%
"Guys suck, Ashley. They enjoy messing with our feelings - and then sticking us with the rent."Ellie
81%
"I made 500 bucks today as a plus-sized model! Yeah, plus-sized! What do you make, ice cream boy?"Terri
81%
"You know what Emma? Go back to the rainforest and whales. Because when it comes to helping people you suck!"Liberty
74%
"Daphne, whose side are we on, huh? The students or the teachers?"Mr. Simpson
70%
"It's just been one disaster after another after another. That school is cursed."Ashley
67%
"From grad to falling in love with New York...to watching the former love of my life get married...it was wild."Jane
63%
"We are here to celebrate sweet spontaneous loving!"Jay
59%
"You were fucking Tessa Campanelli?"Caitlin
52%
"Well, sorry for changing, it's a good thing you've still stayed the same. You're still a bitch."Darcy
52%
"Not that I would ever admit this, but I sued to be scared of you."Alex
48%
"This isn't a joke! All I did was try and I wanted to accomplish something and to feel good for a change!"Anya
48%
"A band without a drummer is like Sav without his sticker book."Danny
48%
"I'm not gonna beat up a cripple."Derek
48%
"Yeah. I used my powers for good this time!"Peter
48%
"One, you have no right to dictate who Terri's friends are, and, two, you're a vicious backstabber."Rick
48%
"Cycle, shmycyle this pill only works for up to 72-hours after sex."Sav
48%
"I just wanna be a normal high school student."Mia
41%
"I'm a person, okay? Not public property."Spike
41%
"We should go see that movie again, even though I don't really like subtitles."Hazel
37%
"I know that you thought The Zits were a joke..."Joey
30%
"Open your textbooks and your malleable little minds."Mr. Raditch
22%
"Here's me wishing I let my dad talk me into and all-girl school."Chantay
19%
"Takes on the situation. Mr. Oleander has a very different one. He told me that you were obsessed with him, that you followed him, you wouldn't leave him alone. You stalked him."Ms. Hatzilakos
19%

Score Distribution

Percentile by Number Answered

Percent of People with Each Score

Your Score History

You have not taken this quiz